00657nam a22001577a 4500003000400000005001700004008004100021040001800062100004200080245017100122260002300293650002500316650003700341700003300378856008800411OSt20240615111330.0240615b ||||| |||| 00| 0 eng d cAIMIT LIBRARY aMascarenhas, Lerisha Vinkle.e2116086 aComparative study and analysis of the performance of mutual funds between public and private sectors /cBy Lerisha Vinkle Mascarenhas ; Guided by Annette Sonia Maben. aBangalore ;c2023. aResearch methodology aData analysis and interpretation aMaben, Annette Sonia.eGuide 3Simplus Financial consultancy private limiteduwww.simplus.co.inywww.simplus.co.in